000 00404nam a2200157Ia 4500
008 221030s9999 xx 000 0 und d
020 _a9389811678
041 _aEnglish
100 _aP. C. Tulsian
245 0 _aTulsian`s Business Laws
_cby P. C. Tulsian, B. Tulsian
260 _bMcGraw - Hill Pub.
_aChennai
_c2020
300 _a18.10
650 _aManagement
700 _aB. Tulsian
942 _cBK
999 _c18661
_d18661